Графика натюрморта: учебное пособие

Detalles Bibliográficos
Autor principal: Бесчастнов Н. П. Николай Петрович
Sumario:В учебном пособии рассмотрены основы теории, методики и практики изображения графического натюрморта применительно к задачам обучения художников декоративно-прикладного искусства. Богатый иллюстративный материал демонстрирует разнообразную технику изображения различных типов натюрмортов. Адресовано студентам высших учебных заведений, готовящих художников для сферы декоративно-прикладного искусства, может быть полезно учащимся средних художественных заведений, а также всем, кто интересуется искусством.
Lenguaje:ruso
Publicado: Москва, Владос, 2008
Colección:Изобразительное искусство
Учебное пособие для вузов
Materias:
Formato: Libro
KOHA link:https://koha.lib.tpu.ru/cgi-bin/koha/opac-detail.pl?biblionumber=189304

MARC

LEADER 00000nam0a2200000 4500
001 189304
005 20231101224209.0
010 |a 9785691016295 
035 |a (RuTPU)RU\TPU\book\205716 
090 |a 189304 
100 |a 20101222d2008 m y0rusy50 ca 
101 0 |a rus 
102 |a RU 
105 |a a j 001zy 
200 1 |a Графика натюрморта  |e учебное пособие  |f Н. П. Бесчастнов 
210 |a Москва  |c Владос  |d 2008 
215 |a 255 с.  |c ил. 
225 1 |a Изобразительное искусство 
225 1 |a Учебное пособие для вузов 
320 |a Библиогр. в примеч. 
330 |a В учебном пособии рассмотрены основы теории, методики и практики изображения графического натюрморта применительно к задачам обучения художников декоративно-прикладного искусства. Богатый иллюстративный материал демонстрирует разнообразную технику изображения различных типов натюрмортов. Адресовано студентам высших учебных заведений, готовящих художников для сферы декоративно-прикладного искусства, может быть полезно учащимся средних художественных заведений, а также всем, кто интересуется искусством. 
606 1 |a Графика  |2 stltpush  |3 (RuTPU)RU\TPU\subj\8566  |9 35956 
606 1 |a Натюрморты  |2 stltpush  |3 (RuTPU)RU\TPU\subj\45066  |9 64328 
610 1 |a живопись 
610 1 |a методология 
610 1 |a выразительные средства 
610 1 |a композиции 
610 1 |a орнаментальность 
610 1 |a классификации 
610 1 |a эскизы 
610 1 |a материалы 
610 1 |a техника 
610 1 |a гравюры 
610 1 |a фотографика 
610 1 |a история 
610 1 |a западноевропейский натюрморт 
610 1 |a русский натюрморт 
610 1 |a учебные пособия 
675 |a 76(075.8)  |v 3 
675 |a 75.049(075.8)  |v 3 
700 1 |a Бесчастнов  |b Н. П.  |g Николай Петрович 
801 1 |a RU  |b 63413507  |c 20101222 
801 2 |a RU  |b 63413507  |c 20110425  |g RCR 
900 |a Рисунок 
900 |a Живопись и цветоведение 
942 |c BK 
951 |b 261100 
959 |a 81/20101108  |d 1  |e 225,06  |f ЧЗГЛ:1